[Event "Florianopolis op 10th"]
[Site "Florianopolis"]
[Date "2024.01.22"]
[Round "3"]
[White "Biazon, Natalia De Oliveira"]
[Black "Da Cruz, Karoliny Taiane"]
[Result "0-1"]
[WhiteElo "1250"]
[BlackElo "1774"]
[PlyCount "140"]
[EventDate "2024.01.20"]
[EventType "swiss"]
[EventRounds "10"]
[EventCountry "BRA"]
[SourceTitle "CB05_2024"]
[SourceDate "2024.01.31"]
[SourceVersion "1"]
[SourceVersionDate "2024.01.31"]
[SourceQuality "1"]

1. d4 Nf6 2. Bf4 d5 3. e3 e6 4. Nf3 c5 5. c3 Nc6 6. Nbd2 Qb6 7. Qc2 Be7 8. Be2 Bd7 9. 0-0 0-0 10. Rfd1 Rac8 11. Qb3 c4 12. Qxb6 axb6 13. Ne5 Rfd8 14. a3 b5 15. h3 Ra8 16. Nxc6 Bxc6 17. Nf3 Ra6 18. Ne1 Nd7 19. Nc2 Rc8 20. Rdc1 Nb6 21. Nb4 Rca8 22. Bf3 Be8 23. e4 dxe4 24. Bxe4 Bc6 25. Re1 Bxb4 26. Bxc6 Bxc3 27. Bxb7 Bxe1 28. Bxa8 Bxf2+ 29. Kxf2 Rxa8 30. Bd6 Nd5 31. Rc1 h6 32. Kf3 Rd8 33. Bc5 Rd7 34. Re1 Nc7 35. Re5 Rd5 36. Kf4 f6 37. Rxd5 exd5 38. g4 Kf7 39. h4 Ne6+ 40. Ke3 g6 41. Bd6 h5 42. gxh5 gxh5 43. Bg3 Kg6 44. Bf2 Kf5 45. Kf3 Nf4 46. Be1 Nd3 47. Bc3 Nf4 48. Be1 Ng6 49. Bf2 Ke6 50. Ke3 Ne7 51. Ke2 Nc8 52. Ke3 Nb6 53. Be1 Nc8 54. Bg3 Na7 55. Bf2 Nc6 56. Be1 Kf5 57. Bc3 Kg4 58. Be1 f5 59. Bf2 f4+ 60. Ke2 Ne7 61. Be1 Nf5 62. Bf2 f3+ 63. Ke1 Nxh4 64. Kf1 Nf5 65. Kg1 Nd6 66. Kh2 Ne4 67. Kg1 Nxf2 68. Kxf2 h4 69. Kg1 Kg3 70. Kf1 f2 0-1

[Event "Florianopolis-ch 65th"]
[Site "Florianopolis"]
[Date "2017.02.13"]
[Round "4"]
[White "Da Cruz, Karoliny Taiane"]
[Black "Goncalves, Davi Sulzbacher"]
[Result "0-1"]
[WhiteElo "1764"]
[BlackElo "2221"]
[PlyCount "52"]
[EventDate "2017.02.10"]
[EventType "tourn"]
[EventRounds "7"]
[EventCountry "BRA"]
[SourceTitle "CBM 176 Extra"]
[Source "ChessBase"]
[SourceDate "2017.03.02"]
[SourceVersion "1"]
[SourceVersionDate "2017.03.02"]
[SourceQuality "1"]

1. e4 c5 2. Nf3 d6 3. d4 cxd4 4. Nxd4 Nf6 5. Nc3 a6 6. Be3 e5 7. Nb3 Be6 8. Be2 Nbd7 9. f3 h5 10. Qd2 Rc8 11. 0-0-0 Be7 12. Kb1 Qc7 13. h3 h4 14. f4 g6 15. Rhf1 b5 16. Bd3 Nb6 17. fxe5 dxe5 18. Qf2 Nc4 19. Bg5 Ng4 20. hxg4 Bxg5 21. Rfe1 Bxg4 22. Be2 Nxb2 23. Bxg4 Qxc3 24. Bd7+ Kf8 25. Rf1 Bf4 26. Qb6 Nc4 0-1

[Event "Florianopolis Winter U220 op"]
[Site "Florianopolis"]
[Date "2016.08.21"]
[Round "7"]
[White "Albiero, Marco Antonio Batis"]
[Black "Da Cruz, Karoliny Taiane"]
[Result "0-1"]
[WhiteElo "1770"]
[BlackElo "1787"]
[PlyCount "24"]
[EventDate "2016.08.19"]
[EventType "swiss"]
[EventRounds "7"]
[EventCountry "BRA"]
[SourceTitle "CBM 174 Extra"]
[Source "ChessBase"]
[SourceDate "2016.10.10"]
[SourceVersion "1"]
[SourceVersionDate "2016.10.10"]
[SourceQuality "1"]

1. e4 e5 2. f4 d5 3. fxe5 Qh4+ 4. Ke2 Qxe4+ 5. Kf2 Bc5+ 6. Kg3 Qxe5+ 7. Kf3 Qh5+ 8. g4 Bxg4+ 9. Kg3 Bxd1 10. h3 Qe5+ 11. Kg2 Qg5+ 12. Kh2 Bd6# 0-1

[Event "Florianopolis Winter U220 op"]
[Site "Florianopolis"]
[Date "2016.08.20"]
[Round "4"]
[White "Albino, Samuel"]
[Black "Da Cruz, Karoliny Taiane"]
[Result "1-0"]
[WhiteElo "1487"]
[BlackElo "1787"]
[PlyCount "59"]
[EventDate "2016.08.19"]
[EventType "swiss"]
[EventRounds "7"]
[EventCountry "BRA"]
[SourceTitle "CBM 174 Extra"]
[Source "ChessBase"]
[SourceDate "2016.10.10"]
[SourceVersion "1"]
[SourceVersionDate "2016.10.10"]
[SourceQuality "1"]

1. e4 e5 2. Nf3 Nc6 3. Bb5 a6 4. Ba4 Nf6 5. 0-0 Be7 6. Re1 b5 7. Bb3 d6 8. h3 Na5 9. c3 Nxb3 10. axb3 c5 11. d4 cxd4 12. cxd4 Qc7 13. Nc3 0-0 14. Nxb5 Qb7 15. Nc3 exd4 16. Nxd4 Bd7 17. Qd3 Rfe8 18. Qg3 Kf8 19. Bf4 Nh5 20. Qf3 Nxf4 21. Qxf4 Qb4 22. e5 dxe5 23. Rxe5 Bd6 24. Rxe8+ Rxe8 25. Qd2 Bc5 26. Nf3 Qb7 27. Qc2 Kg8 28. Ng5 f5 29. Na4 Bxa4 30. Qc4+ 1-0

[Event "Icara op U2200 1st"]
[Site "Icara"]
[Date "2016.08.07"]
[Round "6"]
[White "Da Cruz, Karoliny Taiane"]
[Black "Espindola Junior, Peterson"]
[Result "1-0"]
[WhiteElo "1787"]
[BlackElo "1623"]
[PlyCount "94"]
[EventDate "2016.08.05"]
[EventType "swiss"]
[EventRounds "7"]
[EventCountry "BRA"]
[SourceTitle "CBM 173 Extra"]
[Source "ChessBase"]
[SourceDate "2016.08.29"]
[SourceVersion "1"]
[SourceVersionDate "2016.08.29"]
[SourceQuality "1"]

1. d4 d5 2. c4 e6 3. Nc3 Nf6 4. cxd5 exd5 5. Bg5 Nbd7 6. Nf3 Be7 7. e3 c6 8. Bd3 Ne4 9. Bxe7 Qxe7 10. Qc2 Ndf6 11. 0-0 0-0 12. Rab1 Bf5 13. b4 Nxc3 14. Qxc3 Bxd3 15. Qxd3 Ne4 16. b5 Rfc8 17. Rfc1 cxb5 18. Rxc8+ Rxc8 19. Qxb5 Nc3 20. Qxb7 Qxb7 21. Rxb7 Nxa2 22. Kf1 a6 23. Ke2 Kf8 24. Ne5 f6 25. Nd7+ Ke8 26. Nc5 Nc3+ 27. Kd3 Ne4 28. Nxe4 dxe4+ 29. Kxe4 Rc2 30. Kf3 Kf8 31. Ra7 Ra2 32. d5 a5 33. d6 Rd2 34. Rxa5 Rxd6 35. Ra7 h6 36. h4 Rd5 37. g4 h5 38. gxh5 Rxh5 39. Kg4 Re5 40. Ra4 Kf7 41. e4 Kg6 42. f4 Rc5 43. Rd4 Rb5 44. Rd5 Rb3 45. h5+ Kh6 46. Rd8 g6 47. hxg6 Kxg6 1-0

[Event "Icara op U2200 1st"]
[Site "Icara"]
[Date "2016.08.06"]
[Round "3"]
[White "Mariani, Daniel Brandao"]
[Black "Da Cruz, Karoliny Taiane"]
[Result "1-0"]
[WhiteElo "1975"]
[BlackElo "1787"]
[PlyCount "61"]
[EventDate "2016.08.05"]
[EventType "swiss"]
[EventRounds "7"]
[EventCountry "BRA"]
[SourceTitle "CBM 173 Extra"]
[Source "ChessBase"]
[SourceDate "2016.08.29"]
[SourceVersion "1"]
[SourceVersionDate "2016.08.29"]
[SourceQuality "1"]

1. d4 Nf6 2. c4 e6 3. Nc3 d5 4. Bg5 Be7 5. e3 h6 6. Bh4 0-0 7. Nf3 Nbd7 8. Rc1 c6 9. a3 Ne4 10. Bxe7 Qxe7 11. Bd3 Nxc3 12. Rxc3 e5 13. dxe5 Nxe5 14. cxd5 cxd5 15. Nxe5 Qxe5 16. 0-0 Be6 17. Qa4 Rfd8 18. Rd1 Bd7 19. Bb5 Bf5 20. Rd4 Be4 21. Bd3 Re8 22. Qc2 Rad8 23. Qd2 Qg5 24. Bf1 Rd6 25. h4 Qf5 26. f3 Bb1 27. e4 Qf6 28. exd5 Bf5 29. Qf4 Qg6 30. h5 Qxh5 31. Qxd6 1-0

[Event "Florianopolis-ch 33rd"]
[Site "Florianopolis"]
[Date "2016.06.05"]
[Round "5"]
[White "Da Cruz, Karoliny Taiane"]
[Black "Pasqualotto, Amos Petronio"]
[Result "1-0"]
[WhiteElo "1781"]
[BlackElo "1401"]
[PlyCount "37"]
[EventDate "2016.06.03"]
[EventType "swiss"]
[EventRounds "6"]
[EventCountry "BRA"]
[SourceTitle "CBM 172 Extra"]
[Source "ChessBase"]
[SourceDate "2016.06.21"]
[SourceVersion "1"]
[SourceVersionDate "2016.06.21"]
[SourceQuality "1"]

1. e4 Nf6 2. e5 Nd5 3. c4 Nb6 4. d4 d6 5. Nf3 Nc6 6. Be2 Bg4 7. exd6 cxd6 8. 0-0 Bxf3 9. Bxf3 Nxc4 10. Bxc6+ bxc6 11. Qa4 Nb6 12. Qxc6+ Nd7 13. Re1 Rc8 14. Qa4 Qc7 15. Bf4 e5 16. dxe5 dxe5 17. Bxe5 Qc6 18. Qxc6 Rxc6 19. Bxg7+ 1-0

[Event "Florianopolis-ch 33rd"]
[Site "Florianopolis"]
[Date "2016.06.03"]
[Round "2"]
[White "Da Cruz, Karoliny Taiane"]
[Black "Santana Freitas, Maria Eduarda"]
[Result "1-0"]
[WhiteElo "1781"]
[BlackElo "1600"]
[PlyCount "155"]
[EventDate "2016.06.03"]
[EventType "swiss"]
[EventRounds "6"]
[EventCountry "BRA"]
[SourceTitle "CBM 172 Extra"]
[Source "ChessBase"]
[SourceDate "2016.06.21"]
[SourceVersion "1"]
[SourceVersionDate "2016.06.21"]
[SourceQuality "1"]

1. d4 d5 2. c4 e6 3. Nc3 Nf6 4. cxd5 exd5 5. Bg5 Nbd7 6. Nf3 Be7 7. e3 0-0 8. Bd3 b6 9. 0-0 Bb7 10. Rc1 Rc8 11. Bf5 c5 12. Qd3 h6 13. Bh4 Ne4 14. Nxe4 dxe4 15. Bxe4 Bxh4 16. Bxb7 Rb8 17. Bc6 Bf6 18. Rfd1 Qc7 19. Ba4 Qb7 20. Bc2 g6 21. b3 Rbd8 22. Qe4 Qb8 23. Qg4 Bg7 24. Bb1 Nf6 25. Qg3 Qb7 26. Ne5 Ne4 27. Qf3 Nd6 28. Qxb7 Nxb7 29. Nc6 Rd7 30. Nxa7 cxd4 31. exd4 Rxd4 32. Rxd4 Bxd4 33. Nc6 Bc5 34. b4 Bd6 35. h3 Kg7 36. Kf1 Rc8 37. Rc2 Kf8 38. a4 Ra8 39. Ra2 Rc8 40. Be4 Ra8 41. a5 Bc7 42. a6 Nd6 43. Bf3 Ke8 44. Nd4 Ra7 45. Nc6 Ra8 46. a7 Nc8 47. Bg4 f5 48. Bf3 Kf8 49. Bd5 Kg7 50. Nd4 Rxa7 51. Rxa7 Nxa7 52. Ne6+ Kf6 53. Nxc7 Ke5 54. Bc4 Kd4 55. Ba6 Nc6 56. b5 Ne5 57. Ke2 Ke4 58. Kd2 Kd4 59. Ne6+ Kd5 60. Nf4+ Kd4 61. Ne2+ Kc5 62. Ke3 Kd5 63. f4 Nc4+ 64. Kd3 Nb2+ 65. Kc3 Na4+ 66. Kd3 Nc5+ 67. Ke3 Ne4 68. Bb7+ Kc5 69. Bxe4 fxe4 70. Kxe4 Kxb5 71. Kd5 Kb4 72. g4 b5 73. f5 gxf5 74. gxf5 Ka3 75. f6 b4 76. Nd4 b3 77. Nxb3 Kxb3 78. f7 1-0

[Event "Florianopolis-ch 64th"]
[Site "Florianopolis"]
[Date "2016.03.15"]
[Round "7"]
[White "Starke, Bruno Orlando"]
[Black "Da Cruz, Karoliny Taiane"]
[Result "1-0"]
[WhiteElo "2160"]
[BlackElo "1806"]
[PlyCount "139"]
[EventDate "2016.02.26"]
[EventType "tourn"]
[EventRounds "9"]
[EventCountry "BRA"]
[SourceTitle "CBM 171 Extra"]
[Source "ChessBase"]
[SourceDate "2016.04.26"]
[SourceVersion "1"]
[SourceVersionDate "2016.04.26"]
[SourceQuality "1"]

1. d4 Nf6 2. c4 e6 3. Nf3 d5 4. Nc3 Be7 5. Bg5 h6 6. Bxf6 Bxf6 7. e3 0-0 8. Rc1 c6 9. Bd3 Nd7 10. 0-0 dxc4 11. Bxc4 e5 12. h3 exd4 13. exd4 Nb6 14. Bb3 Bf5 15. Re1 Re8 16. Rxe8+ Qxe8 17. Qd2 Rd8 18. Qf4 Bc8 19. Re1 Qd7 20. Ne4 Qf5 21. Qxf5 Bxf5 22. Nxf6+ gxf6 23. Re7 Be6 24. Rxb7 Bxb3 25. axb3 Ra8 26. Rc7 Rb8 27. Rxc6 Nd5 28. Rd6 Rb5 29. Nd2 Kg7 30. g3 Nb4 31. Rd7 a5 32. Ne4 Nd3 33. Nd6 Rxb3 34. Nxf7 Kg6 35. Nh8+ Kf5 36. Re7 Rxb2 37. Re3 Nc1 38. Nf7 Kg6 39. Nd6 Ne2+ 40. Kg2 Nxd4 41. Re4 Nc2 42. Rg4+ Kh7 43. Kf1 Nb4 44. Ne8 Nd5 45. Rd4 Nc3 46. Nxf6+ Kg6 47. Nd5 Nxd5 48. Rxd5 a4 49. Ra5 Ra2 50. g4 Ra1+ 51. Kg2 Ra3 52. f3 Ra1 53. Kg3 a3 54. Ra6+ Kg7 55. Kf4 a2 56. h4 Kh7 57. Ra7+ Kg6 58. Ra6+ Kg7 59. h5 Kh7 60. Ra7+ Kg8 61. Kf5 Rf1 62. Rxa2 Rxf3+ 63. Kg6 Kf8 64. Ra8+ Ke7 65. Kxh6 Rb3 66. g5 Rb6+ 67. g6 Rc6 68. Kg7 Rc7 69. h6 Ke6+ 70. Kh8 1-0

[Event "Florianopolis-ch 64th"]
[Site "Florianopolis"]
[Date "2016.03.01"]
[Round "3"]
[White "Pomar, Marcelo Nascimento"]
[Black "Da Cruz, Karoliny Taiane"]
[Result "1-0"]
[WhiteElo "2056"]
[BlackElo "1806"]
[PlyCount "51"]
[EventDate "2016.02.26"]
[EventType "tourn"]
[EventRounds "9"]
[EventCountry "BRA"]
[SourceTitle "CBM 171 Extra"]
[Source "ChessBase"]
[SourceDate "2016.04.26"]
[SourceVersion "1"]
[SourceVersionDate "2016.04.26"]
[SourceQuality "1"]

1. e4 e5 2. Nf3 Nc6 3. Bb5 a6 4. Ba4 Nf6 5. 0-0 Be7 6. Re1 b5 7. Bb3 d6 8. a4 Bb7 9. d3 0-0 10. Nc3 b4 11. Ne2 d5 12. exd5 Nxd5 13. Ng3 Bf6 14. Ne4 Nf4 15. a5 Ng6 16. Nxf6+ Qxf6 17. Bg5 Qf5 18. Bd5 Qd7 19. Bc4 Kh8 20. c3 Rae8 21. Be3 bxc3 22. bxc3 f5 23. Ng5 h6 24. Qh5 Nf4 25. Bxf4 exf4 26. Qg6 1-0

[Event "Florianopolis-ch 64th"]
[Site "Florianopolis"]
[Date "2016.02.26"]
[Round "1"]
[White "Mafra, Kaiser Luiz"]
[Black "Da Cruz, Karoliny Taiane"]
[Result "1-0"]
[WhiteElo "2123"]
[BlackElo "1806"]
[PlyCount "37"]
[EventDate "2016.02.26"]
[EventType "tourn"]
[EventRounds "9"]
[EventCountry "BRA"]
[SourceTitle "CBM 171 Extra"]
[Source "ChessBase"]
[SourceDate "2016.04.26"]
[SourceVersion "1"]
[SourceVersionDate "2016.04.26"]
[SourceQuality "1"]

1. e4 e5 2. Nf3 Nc6 3. Bb5 a6 4. Ba4 Nf6 5. 0-0 Be7 6. d4 exd4 7. e5 Nd5 8. Nxd4 Nb6 9. Nf5 Bf8 10. Re1 Nxa4 11. Nd6+ Bxd6 12. exd6+ Kf8 13. dxc7 Qxc7 14. Qe2 Qd8 15. Bf4 g5 16. Bd6+ Kg8 17. Nd2 Nb6 18. Qh5 Nd5 19. Re8+ 1-0

[Event "Florianopolis op 2nd"]
[Site "Florianopolis"]
[Date "2016.01.19"]
[Round "5"]
[White "Scardini, Leonardo"]
[Black "Da Cruz, Karoliny Taiane"]
[Result "0-1"]
[WhiteElo "1471"]
[BlackElo "1827"]
[PlyCount "64"]
[EventDate "2016.01.16"]
[EventType "swiss"]
[EventRounds "10"]
[EventCountry "BRA"]
[SourceTitle "CBM 170 Extra"]
[Source "ChessBase"]
[SourceDate "2016.02.25"]
[SourceVersion "1"]
[SourceVersionDate "2016.02.25"]
[SourceQuality "1"]

1. d4 Nf6 2. c4 e6 3. Nf3 Bb4+ 4. Nc3 0-0 5. Qc2 d5 6. e3 b6 7. a3 Bxc3+ 8. Qxc3 Ne4 9. Qc2 Nd7 10. cxd5 exd5 11. Bd3 Ndf6 12. b4 Bb7 13. 0-0 c6 14. Nd2 Re8 15. f3 Nd6 16. e4 dxe4 17. fxe4 Ndxe4 18. Bb2 Nxd2 19. Qxd2 Qd6 20. Qf2 Re7 21. Qh4 h6 22. Qf4 Qxf4 23. Rxf4 Rae8 24. Rff1 Nd5 25. Kf2 Nf4 26. Rad1 Nxd3+ 27. Rxd3 Re2+ 28. Kg1 Rxb2 29. Rdf3 c5 30. R3f2 Rxf2 31. Rxf2 cxd4 32. g3 d3 0-1

[Event "Florianopolis Santa Catarina zt"]
[Site "Florianopolis"]
[Date "2015.09.12"]
[Round "4"]
[White "Masselli, Eduardo"]
[Black "Da Cruz, Karoliny Taiane"]
[Result "0-1"]
[WhiteElo "1581"]
[BlackElo "1817"]
[PlyCount "72"]
[EventDate "2015.09.11"]
[EventType "swiss"]
[EventRounds "6"]
[EventCountry "BRA"]
[SourceTitle "EXT 2016"]
[Source "ChessBase"]
[SourceDate "2015.10.08"]
[SourceVersion "1"]
[SourceVersionDate "2015.10.08"]
[SourceQuality "1"]

1. e4 e5 2. Nf3 Nc6 3. Bc4 Bc5 4. c3 Nf6 5. d4 exd4 6. cxd4 Bb4+ 7. Nc3 Nxe4 8. 0-0 Bxc3 9. d5 Ne5 10. bxc3 Nxc4 11. Qd4 0-0 12. Qxe4 Nd6 13. Qg4 b6 14. h4 Qf6 15. Rb1 Qf5 16. Qxf5 Nxf5 17. Bf4 d6 18. Rb4 Bb7 19. Rd1 Rfe8 20. Rc4 Rac8 21. Ra4 a5 22. Kf1 Ba6+ 23. c4 Re4 24. Bg3 Nxg3+ 25. fxg3 Bxc4+ 26. Kg1 Bxd5 27. Ra3 Bb7 28. Ng5 Re2 29. Nf3 Rce8 30. Kf1 Bxf3 31. gxf3 R8e3 32. Rxe3 Rxe3 33. Kf2 Re5 34. Rc1 Rc5 35. Re1 Rc2+ 36. Kf1 Kf8 0-1

[Event "Florianopolis Cordioli Memorial"]
[Site "Florianopolis"]
[Date "2015.07.04"]
[Round "4"]
[White "Da Cruz, Karoliny Taiane"]
[Black "Federzoni, Enzo"]
[Result "1-0"]
[WhiteElo "1827"]
[BlackElo "1699"]
[PlyCount "77"]
[EventDate "2015.07.03"]
[EventType "swiss"]
[EventRounds "7"]
[EventCountry "BRA"]
[SourceTitle "EXT 2016"]
[Source "ChessBase"]
[SourceDate "2015.10.08"]
[SourceVersion "1"]
[SourceVersionDate "2015.10.08"]
[SourceQuality "1"]

1. e4 c5 2. Nf3 e6 3. c3 Nf6 4. e5 Nd5 5. d4 cxd4 6. Nxd4 d6 7. exd6 Bxd6 8. Bd3 a6 9. Nd2 Qc7 10. Ne4 Bd7 11. Nxd6+ Qxd6 12. 0-0 Nc6 13. Nf3 Qc7 14. Bg5 0-0 15. Qd2 Ne5 16. Nxe5 Qxe5 17. Rfe1 Qc7 18. Rad1 b5 19. Bb1 Rfe8 20. Qd3 g6 21. Qh3 f6 22. Bh6 Rad8 23. Qg4 Bc8 24. h4 Qf7 25. Rd3 e5 26. Qg3 Bf5 27. Rxd5 Rxd5 28. Bxf5 Kh8 29. Be4 Rd6 30. b3 Red8 31. Rc1 Rg8 32. c4 Rc8 33. Bd5 Qe7 34. Re1 Re8 35. Qe3 f5 36. Bg5 Qd7 37. Qg3 f4 38. Qc3 Qg7 39. Bxf4 1-0

[Event "Florianopolis-ch 63rd"]
[Site "Florianopolis"]
[Date "2014.12.22"]
[Round "7"]
[White "Da Cruz, Karoliny Taiane"]
[Black "Goncalves, Davi Sulzbacher"]
[Result "0-1"]
[WhiteElo "1791"]
[BlackElo "1927"]
[PlyCount "64"]
[EventDate "2014.12.08"]
[EventType "tourn"]
[EventRounds "9"]
[EventCountry "BRA"]
[SourceTitle "EXT 2018"]
[Source "ChessBase"]
[SourceDate "2017.10.13"]
[SourceVersion "1"]
[SourceVersionDate "2017.10.13"]
[SourceQuality "1"]

1. d4 Nf6 2. c4 e5 3. dxe5 Ng4 4. Nf3 Bc5 5. e3 Nc6 6. Be2 Ngxe5 7. 0-0 0-0 8. Nc3 Nxf3+ 9. Bxf3 Ne5 10. Be2 a5 11. Ne4 Be7 12. c5 Nc6 13. b3 f5 14. Qd5+ Kh8 15. Ng3 d6 16. cxd6 Bxd6 17. Bb2 Bxg3 18. Qxd8 Rxd8 19. hxg3 Rd2 20. Bxg7+ Kxg7 21. Bf3 Ne5 22. Rfd1 Nxf3+ 23. gxf3 Rxd1+ 24. Rxd1 Be6 25. e4 Kf6 26. Kf1 a4 27. Ke2 axb3 28. axb3 Ra3 29. exf5 Kxf5 30. b4 Bc4+ 31. Ke1 Rd3 32. Rc1 b5 0-1

[Event "Florianopolis-ch 63rd"]
[Site "Florianopolis"]
[Date "2014.12.15"]
[Round "4"]
[White "Mafra, Kaiser Luiz"]
[Black "Da Cruz, Karoliny Taiane"]
[Result "1-0"]
[WhiteElo "2175"]
[BlackElo "1791"]
[PlyCount "89"]
[EventDate "2014.12.08"]
[EventType "tourn"]
[EventRounds "9"]
[EventCountry "BRA"]
[SourceTitle "EXT 2018"]
[Source "ChessBase"]
[SourceDate "2017.10.13"]
[SourceVersion "1"]
[SourceVersionDate "2017.10.13"]
[SourceQuality "1"]

1. d4 Nf6 2. c4 e6 3. Nf3 b6 4. g3 Ba6 5. Nbd2 c5 6. Bg2 Bb7 7. d5 exd5 8. Nh4 Qc7 9. cxd5 Bxd5 10. e4 Bb7 11. 0-0 Nc6 12. e5 Ng8 13. Nc4 0-0-0 14. Nd6+ Bxd6 15. exd6 Qb8 16. Be3 Nf6 17. Rc1 Nb4 18. Bxc5 Bxg2 19. Bxb4+ Bc6 20. Nf5 Qb7 21. Nxg7 Rhg8 22. Nf5 Kb8 23. Ne7 Rge8 24. Qd4 Ng8 25. Qf4 Ka8 26. f3 f6 27. Rf2 Rf8 28. Kg2 f5 29. Rfc2 Rfe8 30. Kf2 Qa6 31. Qc4 Qxc4 32. Rxc4 Bb5 33. Rc7 Rf8 34. Nc8 Rfe8 35. Rxa7+ Kb8 36. Rcc7 Bc6 37. Nxb6 Re5 38. Bc3 Rb5 39. Nc4 Nh6 40. a4 Rb7 41. Bd4 Nf7 42. Na5 Rxa7 43. Bxa7+ Ka8 44. Nc4 Re8 45. Nb6# 1-0

[Event "Florianopolis-ch 63rd"]
[Site "Florianopolis"]
[Date "2014.12.10"]
[Round "3"]
[White "Da Cruz, Karoliny Taiane"]
[Black "Faria, Juliano Espezim Soa"]
[Result "1/2-1/2"]
[WhiteElo "1791"]
[BlackElo "1904"]
[PlyCount "94"]
[EventDate "2014.12.08"]
[EventType "tourn"]
[EventRounds "9"]
[EventCountry "BRA"]
[SourceTitle "EXT 2018"]
[Source "ChessBase"]
[SourceDate "2017.10.13"]
[SourceVersion "1"]
[SourceVersionDate "2017.10.13"]
[SourceQuality "1"]

1. d4 Nf6 2. c4 g6 3. Nc3 d5 4. Nf3 Bg7 5. Bg5 Ne4 6. cxd5 Nxc3 7. bxc3 Qxd5 8. Qb3 Qa5 9. e3 Nc6 10. Bc4 0-0 11. 0-0 Qf5 12. Qb5 a6 13. Qxf5 Bxf5 14. Bd5 Rfe8 15. e4 Bd7 16. Rab1 e6 17. Bc4 Na5 18. Bd3 b5 19. Bf4 Rec8 20. Ne5 Be8 21. Rfd1 c5 22. Be2 Nc6 23. Nxc6 Bxc6 24. d5 Bd7 25. c4 b4 26. Bf3 e5 27. Be3 Bf8 28. Bg5 Kg7 29. h4 h6 30. Be3 a5 31. Be2 Ba4 32. Rd2 Bd6 33. h5 Bd7 34. g3 g5 35. g4 a4 36. f3 Ra6 37. Bd1 f6 38. Kf2 Kf7 39. Bc2 Ke7 40. Ke2 Bb8 41. Rbd1 Kd6 42. Rb1 Bc7 43. Kd3 Ba5 44. Re2 Rb8 45. Bd1 Bc7 46. Reb2 Rab6 47. Bf2 Be8 1/2-1/2

[Event "Florianopolis Santa Catarina op"]
[Site "Florianopolis"]
[Date "2014.06.22"]
[Round "6"]
[White "De Haro, Martim Alfonso"]
[Black "Da Cruz, Karoliny Taiane"]
[Result "1-0"]
[WhiteElo "2025"]
[BlackElo "1774"]
[PlyCount "93"]
[EventDate "2014.06.20"]
[EventType "swiss"]
[EventRounds "6"]
[EventCountry "BRA"]
[SourceTitle "CBM 161 Extra"]
[Source "ChessBase"]
[SourceDate "2014.08.29"]
[SourceVersion "1"]
[SourceVersionDate "2014.08.29"]
[SourceQuality "1"]

1. d4 Nf6 2. Nf3 e6 3. c4 Bb4+ 4. Nbd2 0-0 5. a3 Bxd2+ 6. Bxd2 d5 7. g3 Nbd7 8. Qc2 Ne4 9. Bc1 Ndf6 10. Bg2 c6 11. 0-0 Bd7 12. b3 Rc8 13. c5 b6 14. Ne5 h6 15. h4 bxc5 16. dxc5 Be8 17. Bb2 Rb8 18. b4 a5 19. Nd3 Bd7 20. Be5 Nh7 21. Bxb8 Qxb8 22. bxa5 Qb5 23. Bxe4 dxe4 24. Ne5 Bc8 25. Rfb1 Qxa5 26. Nxc6 Qc7 27. Nb4 e3 28. c6 exf2+ 29. Kxf2 Nf6 30. Kg2 Ng4 31. Qe4 h5 32. Rb3 Qa7 33. Rf3 Rd8 34. Raf1 f5 35. Qc2 Ne3+ 36. Rxe3 Qxe3 37. Rf3 Qb6 38. Rd3 Re8 39. Qc4 Kh7 40. Qf4 Ba6 41. Qg5 Bxd3 42. Qxh5+ Kg8 43. Qxe8+ Kh7 44. exd3 Qe3 45. Qh5+ Kg8 46. Qf3 Qd2+ 47. Qf2 1-0

[Event "Florianopolis Santa Catarina op"]
[Site "Florianopolis"]
[Date "2014.06.21"]
[Round "3"]
[White "Da Cruz, Karoliny Taiane"]
[Black "Da Veiga, Osvaldo Rodrigues"]
[Result "1-0"]
[WhiteElo "1774"]
[BlackElo "1617"]
[PlyCount "63"]
[EventDate "2014.06.20"]
[EventType "swiss"]
[EventRounds "6"]
[EventCountry "BRA"]
[SourceTitle "CBM 161 Extra"]
[Source "ChessBase"]
[SourceDate "2014.08.29"]
[SourceVersion "1"]
[SourceVersionDate "2014.08.29"]
[SourceQuality "1"]

1. d4 Nf6 2. c4 g6 3. Nc3 Bg7 4. e4 d6 5. Nf3 0-0 6. Be2 Bg4 7. 0-0 a5 8. Be3 h6 9. Rc1 Nfd7 10. h3 Bxf3 11. Bxf3 e5 12. Qd2 Kh7 13. Rfd1 Nc6 14. dxe5 Ndxe5 15. Be2 Ne7 16. c5 dxc5 17. Bxc5 N5c6 18. Qf4 Be5 19. Qxe5 Qxd1+ 20. Rxd1 Nxe5 21. Bxe7 Rfe8 22. Nd5 Rec8 23. Nf6+ Kg7 24. Ng4 Nc6 25. Bf6+ Kh7 26. Rd7 Nd8 27. Bc4 g5 28. Bxf7 Nxf7 29. Rxf7+ Kg6 30. Ne5+ Kh5 31. g4+ Kh4 32. Kh2 1-0

[Event "Florianopolis Santa Catarina op"]
[Site "Florianopolis"]
[Date "2014.06.21"]
[Round "4"]
[White "Martins, Anderson Donay"]
[Black "Da Cruz, Karoliny Taiane"]
[Result "1-0"]
[WhiteElo "1980"]
[BlackElo "1774"]
[PlyCount "55"]
[EventDate "2014.06.20"]
[EventType "swiss"]
[EventRounds "6"]
[EventCountry "BRA"]
[SourceTitle "CBM 161 Extra"]
[Source "ChessBase"]
[SourceDate "2014.08.29"]
[SourceVersion "1"]
[SourceVersionDate "2014.08.29"]
[SourceQuality "1"]

1. e4 c6 2. d4 d5 3. e5 Bf5 4. Nc3 e6 5. g4 Bg6 6. Nge2 h6 7. Nf4 Bh7 8. Bd3 Bxd3 9. Qxd3 Bb4 10. Be3 Ne7 11. Nh5 Kf8 12. f4 c5 13. f5 exf5 14. gxf5 cxd4 15. Bxd4 Nbc6 16. f6 gxf6 17. Nxf6 Nxd4 18. Qxd4 Nc6 19. Qf4 Bxc3+ 20. bxc3 Qc7 21. 0-0 Re8 22. Rae1 d4 23. c4 Nb4 24. e6 Qxf4 25. e7+ Kg7 26. Rxf4 a6 27. Kf2 b6 28. Rg1# 1-0